STN EN 60601-2-44: 1999 (36 4800), Zdravotnícke elektrické prístroje Časť 2-44 Osobitné požiadavky na bezpečnosť röntgenových zariadení na výpočtovú tomografiu

Táto norma je identická s EN 60601-2-44: 1999 v českom jazyku

Bibliographic Details
Main Author: Skalová, Oľga (Author)
Corporate Author: HES-COMGEO (Bratislava, Slovensko) (Translator)
Other Authors: Auxt, Anton, 1959- (Translator)
Format: Book
Language:Czech
Slovak
English
PhysicalDescription:28 s. obr., tab. 30 cm
Published: Bratislava Slovenský ústav technickej normalizácie 2002
Subjects:

MARC

LEADER 00000nam a2200000 a 4500
001 vtls008877346
003 SK-MaSNL
005 20260301080431.0
008 160628s2002 xo a f u 000 0 cze
015 |a SNBN2016 
020 |c (cen. skup. 12) 
040 |a SNK  |b slo  |c SNK  |e AACR2 
041 1 |a cze  |a slo  |h eng 
044 |a xo  |c SK 
046 |a s  |m 200202 (účin.) 
072 7 |a 615  |x Farmácia. Farmakológia  |2 konspekt 
072 7 |a 62  |x Technika všeobecne  |2 konspekt 
072 7 |a 616  |x Patológia. Klinická medicína  |2 konspekt 
080 |a 615.47+616-7  |2 2001 
080 |a 62-523  |2 2001 
080 |a 616-073.7  |2 2001 
080 |a 006.88  |2 2001 
080 |a (437.6)  |2 2001 
080 |a (4)  |2 2001 
080 |a (083)  |2 2001 
080 |a 331.45  |2 2001 
084 |a 11.040.50  |2 ICS 
130 0 |a STN 36 4800 (STN EN 60601-2-44)  |9 342220 
245 1 0 |a STN EN 60601-2-44: 1999 (36 4800), Zdravotnícke elektrické prístroje  |n Časť 2-44  |p Osobitné požiadavky na bezpečnosť röntgenových zariadení na výpočtovú tomografiu 
246 1 0 |a Zdravotnícke elektrické prístroje 
246 1 0 |a Osobitné požiadavky na bezpečnosť röntgenových zariadení na výpočtovú tomografiu 
260 |a Bratislava  |b Slovenský ústav technickej normalizácie  |c 2002 
300 |a 28 s.  |b obr., tab.  |c 30 cm 
500 |a Súbežný názov v angličtine, francúzštine, nemčine 
500 |a Spracovateľ: Hes-Comgeo Bratislava, Anton Auxt ; SÚTN Bratislava, Oľga Skalová 
504 |a Citované normy a súvisiace právne predpisy s. [2] 
520 8 |a Táto norma je identická s EN 60601-2-44: 1999 v českom jazyku 
540 |a STN vydané na akomkoľvek nosiči sa môžu rozmnožovať a rozširovať iba so súhlasom určenej právnickej osoby  |b SÚTN Bratislava  |c zákon 264/1999 Z. z. 
650 0 7 |a zdravotnícka technika  |2 SNKPH  |9 68324 
650 0 7 |a elektrické prístroje  |2 SNKPH  |9 86526 
650 0 7 |a bezpečnosť práce  |2 SNKPH  |9 1296 
650 0 7 |a technické normy a štandardy  |z Slovensko  |2 SNKPH  |9 79594 
650 0 7 |a technické normy a štandardy  |z krajiny Európskej únie  |2 SNKPH  |9 289341 
650 0 7 |a Health technology  |2 SNKPHeng  |9 298599 
650 0 7 |a Electric appliances  |2 SNKPHeng  |9 312457 
650 0 7 |a Roentgen diagnostics  |2 SNKPHeng  |9 351134 
650 0 7 |a röntgenová diagnostika  |2 SNKPH  |9 83535 
650 0 7 |a Occupational safety  |2 SNKPHeng  |9 287472 
655 7 |a normy  |2 SNKPH  |9 70643 
700 1 |a Skalová, Oľga  |4 aut  |9 312459 
700 1 |a Auxt, Anton,  |d 1959-  |4 trl  |9 5363 
710 2 |a Slovenský ústav technickej normalizácie (Bratislava, Slovensko).  |b Technická normalizačná komisia č. 54 Elektrické zariadenia v zdravotníckej praxi  |4 stn  |9 312461 
710 2 |a HES-COMGEO (Bratislava, Slovensko)  |4 trl  |9 314751 
958 |a NB 
958 |a OP 
999 |c 653161  |d 655091 
952 |a SNK  |b SNK  |y PREZ  |7 0  |p 17A0528858  |o snkSTN EN 60601-2-44  |i snk2006/23532  |8 0  |0 0  |1 0  |4 0  |d 2006-11-10  |l 0  |r 2026-02-23 18:27:55  |w 2026-02-23 
952 |a SNK  |b SNK  |y PREZ  |7 0  |p 17A0528857  |o snkSTN EN 60601-2-44 D1  |i snk2006/23533  |8 0  |0 0  |1 0  |4 0  |d 2006-11-10  |l 0  |r 2026-02-23 18:27:55  |w 2026-02-23